000 00337nam a22001337a 4500
999 _c534252
_d534252
020 _a99913191
040 _cMSOHAIL
082 _a891.4391
100 _a Abdul Hameed Adam / عبدالحمید عدم .
_928417
245 _aKulliyat -e- Adam
260 _aLahore
_bAl-Hamd Publications
_cc2009
300 _a1246;p
942 _2ddc
_cBK